Numéros des départements français de 31 à 40 - Statistiques

Statistiques générales
  • Ce quiz a été pris 10 fois
  • Le résultat moyen est 9 sur 10
Statistiques - réponses
Hint Réponse % Correct
33 Gironde
100%
34 Hérault
100%
36 Indre
100%
37 Indre-et-Loire
100%
32 Gers
86%
31 Haute-Garonne
86%
35 Ille-et-Vilaine
86%
39 Jura
86%
40 Landes
86%
38 Isère
71%
Aucun quiz correspondant
Distribution des résultats
% des personnes avec chaque résultat
Percentile par nombre de réponses
Votre historique - résultats
Vous n’avez pas pris ce quiz